গণপ্রজাতন্ত্রী বাংলাদেশের সংবিধান = The Constitution of the People's Republic of Bangladesh : (Record no. 46279)
[ view plain ]
| 000 -LEADER | |
|---|---|
| fixed length control field | 01255nam a2200241 a 4500 |
| 001 - CONTROL NUMBER | |
| control field | 46279 |
| 003 - CONTROL NUMBER IDENTIFIER | |
| rucl marc code | BD-RjUL |
| 005 - DATE AND TIME OF LATEST TRANSACTION | |
| control field | 20211209054129.0 |
| 008 - FIXED-LENGTH DATA ELEMENTS--GENERAL INFORMATION | |
| fixed length control field | 160801s1988 bg ||||| |||| 00| 0 b d |
| 035 ## - SYSTEM CONTROL NUMBER | |
| System control number | (BD-RjUL)46397 |
| 040 ## - CATALOGING SOURCE | |
| Original cataloging agency | BD-RjUL |
| Language of cataloging | ben |
| Transcribing agency | BD-RjUL |
| 041 ## - LANGUAGE CODE | |
| Language code of text/sound track or separate title | ben/eng |
| 082 ## - DEWEY DECIMAL CLASSIFICATION NUMBER | |
| Edition number | 23 |
| Classification number | 342.5492023 |
| Author mark and year | BAG 1988 |
| 110 ## - MAIN ENTRY--CORPORATE NAME | |
| Corporate name or jurisdiction name as entry element | বাংলাদেশ. |
| 9 (RLIN) | 183474 |
| 245 04 - TITLE STATEMENT | |
| Title | গণপ্রজাতন্ত্রী বাংলাদেশের সংবিধান = The Constitution of the People's Republic of Bangladesh : |
| Remainder of title | [১৯৮৮ সালের ৩০শে জুন পর্যন্ত সংশোধিত] = [As modified up to 30th june, 1988] / |
| Statement of responsibility, etc. | বাংলাদেশ. |
| 260 ## - PUBLICATION, DISTRIBUTION, ETC. (IMPRINT) | |
| Place of publication, distribution, etc. | ঢাকা: : |
| Name of publisher, distributor, etc. | গভর্ণমেন্ট প্রিন্টিং প্রেস, |
| Date of publication, distribution, etc. | ১৯৮৮ |
| 300 ## - PHYSICAL DESCRIPTION | |
| Pagination | [২১], ১৮৭ পৃ. ; |
| Size | ২২ সেমি. |
| 500 ## - GENERAL NOTE | |
| General note | " মূল পাঠ্য সমান্তরাল দুই ভাষায় (বাংলা ও ইংরেজি) লিখিত" |
| 650 ## - SUBJECT ADDED ENTRY--TOPICAL TERM | |
| Topical term or geographic name as entry element | সংবিধান |
| Geographic subdivision | বাংলাদেশ |
| Chronological subdivision | ১৯৮৮ |
| 9 (RLIN) | 183475 |
| Topical term or geographic name as entry element | Constitution |
| Geographic subdivision | Bangladesh |
| Chronological subdivision | 1988 |
| 9 (RLIN) | 183476 |
| 651 ## - SUBJECT ADDED ENTRY--GEOGRAPHIC NAME | |
| Geographic name | Bangladesh |
| 9 (RLIN) | 141343 |
| 942 ## - ADDED ENTRY ELEMENTS (KOHA) | |
| Source of classification or shelving scheme | Dewey Decimal Classification |
| Koha item type | Rare Books |
| Lost status | Source of classification or shelving scheme | Damaged status | Not for loan | Collection code | Permanent Location | Current Location | Shelving location | Date acquired | Source of acquisition | Cost, normal purchase price | Total Checkouts | Full call number | Date last seen | Copy number | Koha item type |
|---|---|---|---|---|---|---|---|---|---|---|---|---|---|---|---|
| Dewey Decimal Classification | Not For Loan | Rare Books | Central Library, University of Rajshahi | Central Library, University of Rajshahi | Rare Book Section | 30/05/1979 | Neamat Bookshop, Rajshahi | 13.00 | BRA 342.5492023 BAG 1988 | 19/01/2017 | C-1 | Rare Books |